000 00845nam a2200265Ia 4500
003 OSt
005 20220926020315.0
006 a|||||r|||| 00| 0
007 ta
008 220923b |||||||| |||| 00| 0 eng d
020 _a0415193958
_c1968.6949999999999
037 _b781, 08/11/2013, Pranami Book Service
_cGeneral Book
040 _aRTL
_cRTL
_beng
041 _2eng
_aeng
082 _aY:393.1(X).P, P0/TD
100 _aCURRAN James
_917156
245 0 _aDe-westernizing media studies.
260 _aNew York
_bRoutledge
_c2000
300 _aix,342p.
_ccm.
500 _aBibliography: Chapterwise
650 _aSociology
700 _a PARK Myung-Jin
_9324116
942 _hY:393.1(X).P, P0/TD
_cGB
_2CC
999 _c633943
_d633943